Guess the Taylor Swift Song (no hints) 18 - Statistics

General Stats
  • This quiz has been taken 238 times
  • The average score is 192 of 290
Answer Stats
Answer % Correct
I
99%
a
98%
you
97%
the
94%
and
92%
And
92%
it
92%
me
92%
me,
92%
to
90%
your
90%
on
88%
You're
88%
you're
88%
In
87%
love
87%
my
87%
My
87%
I'm
86%
no
86%
that
83%
be
81%
go
81%
So
81%
ever
78%
at
77%
By
77%
just
77%
Just
77%
say
77%
all
76%
if
76%
never
75%
of
75%
for
74%
As
72%
as
72%
how
68%
tell
68%
friends
67%
could
65%
didn't
65%
way
65%
with
64%
get
63%
'Cause
62%
That's
62%
time
61%
you'll
60%
back
59%
bad
59%
From
59%
here
59%
let
59%
out
59%
picture
57%
stupid
57%
than
57%
won't
57%
burn
56%
Burn,
56%
burn,
56%
old
55%
would
55%
another
54%
drive
54%
hate
54%
mind
54%
more
54%
you'd
54%
baby,
53%
Baby,
53%
fine,
53%
really
53%
really,
53%
crazy
52%
There's
52%
truck
52%
nothing
50%
pickup
50%
going
49%
who's
48%
far
47%
obsessive
47%
concerned,
46%
gonna
46%
best
44%
redneck
44%
watch
44%
yourself
44%
around
43%
heartbreak
43%
lying
43%
perfect
43%
come
42%
fantasy
41%
keep
41%
show
41%
strike
41%
wasted
41%
better
40%
haven't
40%
realize
40%
sorry
40%
coming
39%
match
39%
State
39%
obvious,
38%
daddy's
37%
health
37%
stopping
37%
heard,
35%
saying
35%
missing
33%
sitting
33%
case
32%
revenge
31%
planning
30%
tears
28%
No matching quizzes found
Score Distribution
Percent of People with Each Score
Percentile by Number Answered
Your Score History
You have not taken this quiz